000 00540nam a22001577a 4500
003 NUST
082 _a670
100 _aAhmed Awan ,Naeem
_9122345
245 _aInvestigation of Machinability of Composite Materials /
_cNaeem Ahmed Awan
264 _aIslamabad:
_bSMME- NUST.
_c2021.
300 _bSoft Copy,
_c30cm.
650 _aMS Design and Manufacturing Engineering
_9119567
700 _aSupervisor Dr. Syed Husain Imran Jaffery
_9122341
856 _uhttp://10.250.8.41:8080/xmlui/handle/123456789/25193
942 _2ddc
_cTHE
999 _c608845
_d608845